Statistics for Former Countries of the Portuguese Empire

Click here to take the quiz!

General Stats

  • This quiz has been taken 22 times
  • The average score is 11 of 17

Answer Stats

Country% Correct
Angola
95%
Brazil
95%
Mozambique
95%
Cape Verde
85%
Guinea Bissau
85%
São Tomé and Príncipe
85%
China
80%
East Timor
80%
India
80%
Indonesia
65%
Malaysia
45%
Japan
40%
Sri Lanka
40%
Mauritania
35%
Maldives
30%
Bahrain
25%
Barbados
25%

Score Distribution

Percentile by Number Answered

Percent of People with Each Score

Your Score History

You have not taken this quiz